Music Quiz

Random Music or Lyrics Quiz

Band by Lyrics Quiz Stats

Quiz not verified by Sporcle

Challenge
Share
Tweet
Embed
Score 0/30 Timer 08:00
0 Plays Today
Lyric One Band/Artist % Correct
'Take a sad song and make it betterThe Beatles
73.2%
I've got seven women on my mind, Four that wanna own me, Two that wanna stone me, One says she's a friend of mineEagles
70.7%
Wouldn't it be nice if we were older Then we wouldn't have to wait so long And wouldn't it be nice to live together In the kind of world where we belongBeach Boys
65.9%
Sing us a song you're the piano man sing us a song tonight Billy Joel
63.4%
Rollin down the street, smokin indo, sippin on gin and juice (beeotch!!)Snoop Dogg
63.4%
'I said i'm sorry mama, I never meant to hurt you, I never ment to make you cry but now Im cleanin out my closet'Eminem
61%
And as we wind on downThere walks a lady we all know Who shines white light and wants to show How everything still turns to goldLed Zeppelin
58.5%
Sometimes I feel like I don't have a partner Sometimes I feel like my only friend Is the city I live in, the city of angelsRed Hot Chili Peppers
56.1%
No reason to get exited The thief he kindly spoke There are many here among us Who feel that life is but a jokeJimi Hendrix
56.1%
What's going on on the floor? I love this record baby, but I can't see straight anymore.Lady Gaga
53.7%
Life is bigger It's bigger than you And you are not meREM
53.7%
I wanna glide down over Mulholland I wanna write her name in the skyTom Petty and the Heartbreakers
53.7%
When you’re on a golden sea You don’t need no memory Just a place to call your own As we drift into the zoneWeezer
43.9%
Moma put my guns in the ground, I can shoot them any moreBob Dylan
43.9%
When I am king, you will be first against the wall With your opinion which is of no consequence at all What's that...? (I may be paranoid, but no android)Radiohead
43.9%
Lyric One Band/Artist % Correct
'Give the crack to the kids who the hell cares, just one less ugly mouth on the welfareTupac
41.5%
If I stay here with you girl things wont be the sameLynyrd Skynyrd
41.5%
Emancipate yourself from mental slaveryBob Marley and the Wailers
39%
'Despite all my rage I am still just a rat in a cage'The Smashing Pumpkins
39%
Hunt you down without mercy Hunt you down all nightmare longMetallica
36.6%
Don't want to hear about it Every single one's got a story to tell Everyone knows about it From the Queen of England to the hounds of hellWhite Stripes
36.6%
It was all a dream I used to read Word Up magazine Salt'n'Pepa and Heavy D up in the limousineNotorious B.I.G
34.1%
Letting the days go by, let the water hold me down,Letting the days go by, let the water hold me downTalking Heads
34.1%
We don't have to breed. We can plant a house, We can build a tree I don't even care.Nirvana
29.3%
Alabama, Arkansas, I do love my Ma & Pa Not the way that I do love you Edward Sharpe and the Magnetic Zeros
22%
Oh well in five years time we could be walking round a zoo With the sun shining down over me and youNoah and the Whale
17.1%
motherf**** dre motherf**** snoop motherf**** death rowEazy E
14.6%
I ain't tryin to profit of the prophets so this one's for freeLupe Fiasco
12.2%
I ride the rhythm like a Schwinn bike when in dim light I use insight to enlight devices hit the skin tightCommon Sense
9.8%
'I got mad ho's just call me bevis cause I get nothin but headBig L
4.9%

You're not logged in!

Compare scores with friends on all Sporcle quizzes.
Join for Free
OR
Log In

You Might Also Like...

Show Comments

Extras

Top Quizzes Today


Score Distribution

Your Account Isn't Verified!

In order to create a playlist on Sporcle, you need to verify the email address you used during registration. Go to your Sporcle Settings to finish the process.

Report this User

Report this user for behavior that violates our Community Guidelines.

Details: